<?xml version="1.0" encoding="UTF-8"?>
<record
    xmlns:xsi="http://www.w3.org/2001/XMLSchema-instance"
    xsi:schemaLocation="http://www.loc.gov/MARC21/slim http://www.loc.gov/standards/marcxml/schema/MARC21slim.xsd"
    xmlns="http://www.loc.gov/MARC21/slim">

  <leader>00748nas a22002173  4500</leader>
  <controlfield tag="005">20170608083222.0</controlfield>
  <controlfield tag="008">920619u1993    xx  u     b   r  0 0und </controlfield>
  <datafield tag="020" ind1=" " ind2=" ">
    <subfield code="a">0012-396X</subfield>
  </datafield>
  <datafield tag="040" ind1=" " ind2=" ">
    <subfield code="a">CO-BoIAVH </subfield>
    <subfield code="c">CO-BoIAVH </subfield>
  </datafield>
  <datafield tag="041" ind1="0" ind2=" ">
    <subfield code="a">spa</subfield>
  </datafield>
  <datafield tag="044" ind1=" " ind2=" ">
    <subfield code="a">-uk</subfield>
  </datafield>
  <datafield tag="082" ind1="1" ind2="4">
    <subfield code="a">571.9209 </subfield>
    <subfield code="b">C73d</subfield>
  </datafield>
  <datafield tag="245" ind1="0" ind2="0">
    <subfield code="a">Distribution maps of plant diseases.</subfield>
  </datafield>
  <datafield tag="260" ind1=" " ind2=" ">
    <subfield code="a">Great Britain.</subfield>
    <subfield code="b">Commonwealth Mycological Institute,</subfield>
    <subfield code="c">1973-.</subfield>
  </datafield>
  <datafield tag="300" ind1=" " ind2=" ">
    <subfield code="b">mapas</subfield>
    <subfield code="a">Mapa 1 al 300</subfield>
  </datafield>
  <datafield tag="546" ind1=" " ind2=" ">
    <subfield code="a">Material descrito en ingl&#xE9;s</subfield>
  </datafield>
  <datafield tag="650" ind1="2" ind2="6">
    <subfield code="a">Plantas</subfield>
    <subfield code="x">Distribuci&#xF3;n de plagas</subfield>
    <subfield code="v">Mapas</subfield>
    <subfield code="v">Publicaciones seriadas</subfield>
    <subfield code="9">81983</subfield>
  </datafield>
  <datafield tag="650" ind1="2" ind2="6">
    <subfield code="a">Plantas</subfield>
    <subfield code="x">Distribuci&#xF3;n de enfermedades</subfield>
    <subfield code="v">Mapas</subfield>
    <subfield code="v">Publicaciones seriadas</subfield>
    <subfield code="9">81984</subfield>
  </datafield>
  <datafield tag="710" ind1="2" ind2=" ">
    <subfield code="a">Commonwealth Mycological Institute</subfield>
    <subfield code="9">56611</subfield>
  </datafield>
  <datafield tag="942" ind1=" " ind2=" ">
    <subfield code="2">ddc</subfield>
    <subfield code="c">Mapa</subfield>
  </datafield>
  <datafield tag="999" ind1=" " ind2=" ">
    <subfield code="c">18089</subfield>
    <subfield code="d">18089</subfield>
  </datafield>
  <datafield tag="952" ind1=" " ind2=" ">
    <subfield code="0">0</subfield>
    <subfield code="1">0</subfield>
    <subfield code="2">ddc</subfield>
    <subfield code="4">0</subfield>
    <subfield code="7">0</subfield>
    <subfield code="8">GENERAL</subfield>
    <subfield code="a">Bogota</subfield>
    <subfield code="b">Bogota</subfield>
    <subfield code="d">2016-02-03</subfield>
    <subfield code="l">0</subfield>
    <subfield code="o">LB-571.9209 C73d</subfield>
    <subfield code="p">041089</subfield>
    <subfield code="r">2016-02-03 00:00:00</subfield>
    <subfield code="t">V. 1 Ej. 1</subfield>
    <subfield code="w">2016-02-03</subfield>
    <subfield code="x">Donacion</subfield>
    <subfield code="y">Mapa</subfield>
  </datafield>
  <datafield tag="952" ind1=" " ind2=" ">
    <subfield code="0">0</subfield>
    <subfield code="1">0</subfield>
    <subfield code="2">ddc</subfield>
    <subfield code="4">0</subfield>
    <subfield code="7">0</subfield>
    <subfield code="8">GENERAL</subfield>
    <subfield code="a">Bogota</subfield>
    <subfield code="b">Bogota</subfield>
    <subfield code="d">2017-06-08</subfield>
    <subfield code="l">0</subfield>
    <subfield code="o">LB-571.9209 C73d</subfield>
    <subfield code="p">041090</subfield>
    <subfield code="r">2017-06-08 00:00:00</subfield>
    <subfield code="t">V.2 Ej. 2</subfield>
    <subfield code="w">2017-06-08</subfield>
    <subfield code="x">Donacion</subfield>
    <subfield code="y">Mapa</subfield>
  </datafield>
</record>
